UM Logo

Encyclopedia of bioethics / (Record no. 5503)

MARC details
000 -LEADER
fixed length control field 01435cam a22003734a 4500
001 - CONTROL NUMBER
control field 13269185
005 - DATE AND TIME OF LATEST TRANSACTION
control field 20161105101856.0
008 - FIXED-LENGTH DATA ELEMENTS--GENERAL INFORMATION
fixed length control field 030710s2004 nyua beb 001 0 eng
010 ## - LIBRARY OF CONGRESS CONTROL NUMBER
LC control number 2003015694
020 ## - INTERNATIONAL STANDARD BOOK NUMBER
International Standard Book Number 0028657748 (set : hardcover : alk. paper)
020 ## - INTERNATIONAL STANDARD BOOK NUMBER
International Standard Book Number 0028657756 (v. 1)
020 ## - INTERNATIONAL STANDARD BOOK NUMBER
International Standard Book Number 0028657764 (v. 2)
020 ## - INTERNATIONAL STANDARD BOOK NUMBER
International Standard Book Number 0028657772 (v. 3)
020 ## - INTERNATIONAL STANDARD BOOK NUMBER
International Standard Book Number 0028657780 (v. 4)
020 ## - INTERNATIONAL STANDARD BOOK NUMBER
International Standard Book Number 0028657799 (v. 5)
040 ## - CATALOGING SOURCE
Original cataloging agency DLC
Transcribing agency DLC
Modifying agency DLC
042 ## - AUTHENTICATION CODE
Authentication code pcc
050 00 - LIBRARY OF CONGRESS CALL NUMBER
Classification number QH332
Item number .E52 2004
082 00 - DEWEY DECIMAL CLASSIFICATION NUMBER
Classification number DRef174.95703
Edition number 2004
Item number En1
245 00 - TITLE STATEMENT
Title Encyclopedia of bioethics /
Statement of responsibility, etc. edited by Stephen G. Post.
250 ## - EDITION STATEMENT
Edition statement 3rd edition
260 ## - PUBLICATION, DISTRIBUTION, ETC. (IMPRINT)
Place of publication, distribution, etc. New York :
Name of publisher, distributor, etc. Macmillan Reference USA,
Date of publication, distribution, etc. c2004.
300 ## - PHYSICAL DESCRIPTION
Extent 5 v. (lxii, 3062 pages) :
Other physical details illustrations ;
Dimensions 29 cm.
504 ## - BIBLIOGRAPHY, ETC. NOTE
Bibliography, etc Includes bibliographical references and index.
505 0# - FORMATTED CONTENTS NOTE
Formatted contents note v. 1. A-C -- v. 2. D-H -- v. 3. I-M -- v. 4. N-S -- v. 5. T-X, Appendix.
650 #0 - SUBJECT ADDED ENTRY--TOPICAL TERM
Topical term or geographic name as entry element Bioethics
Form subdivision Encyclopedias.
650 #0 - SUBJECT ADDED ENTRY--TOPICAL TERM
Topical term or geographic name as entry element Medical ethics
Form subdivision Encyclopedias.
700 ## - ADDED ENTRY--PERSONAL NAME
Personal name Post, Stephen Garrard,
Dates associated with a name 1951-
9 (RLIN) 16967
Relator term Editor
856 41 - ELECTRONIC LOCATION AND ACCESS
Materials specified Table of contents
Uniform Resource Identifier <a href="http://www.loc.gov/catdir/toc/ecip046/2003015694.html">http://www.loc.gov/catdir/toc/ecip046/2003015694.html</a>
365 ## - TRADE PRICE
Price amount 50,575.00
Currency code Php
906 ## - LOCAL DATA ELEMENT F, LDF (RLIN)
a 7
b cbc
c orignew
d 1
e ecip
f 20
g y-gencatlg
942 ## - ADDED ENTRY ELEMENTS (KOHA)
Source of classification or shelving scheme Dewey Decimal Classification
Koha item type Reference
Holdings
Withdrawn status Lost status Source of classification or shelving scheme Materials specified (bound volume or other part) Damaged status Not for loan Collection code Home library Current library Date acquired Source of acquisition Total Checkouts Full call number Barcode Date last seen Price effective from Koha item type
    Dewey Decimal Classification Vol. 1     Reference UM Digos College - LIC UM Digos College - LIC 10/27/2004 Purchased   DRef174.95703 En1 2004 17929 05/15/2025 11/05/2016 Reference
    Dewey Decimal Classification Vol. 2     Reference UM Digos College - LIC UM Digos College - LIC 10/27/2004 Purchased   DRef174.95703 En1 2004 17930 05/15/2025 11/05/2016 Reference
    Dewey Decimal Classification Vol. 3     Reference UM Digos College - LIC UM Digos College - LIC 10/27/2004 Purchased   DRef174.95703 En1 2004 17931 05/15/2025 11/05/2016 Reference
    Dewey Decimal Classification Vol. 4     Reference UM Digos College - LIC UM Digos College - LIC 10/27/2004 Purchased   DRef174.95703 En1 2004 17932 05/15/2025 11/05/2016 Reference
    Dewey Decimal Classification Vol. 5     Reference UM Digos College - LIC UM Digos College - LIC 10/27/2004 Purchased   DRef174.95703 En1 2004 17933 05/15/2025 11/05/2016 Reference